El capitalismo monopolista y la economia mexicana.

Bibliographic Details
Main Author: Ceceña Gámez, José Luis
Format: Thesis Book
Language:Spanish
Published: Mexico : Cuadernos americanos, 1963.
Subjects:

MARC

Tag First Indicator Second Indicator Subfields
LEADER 00000cam a2200000 4500
001 in00000079502
005 20151008052856.0
008 800514s1963 mx a 00000 spa d
035 |a (OCoLC)06317791 
035 |9 AAH5274AM 
040 |a TXA  |c TXA  |d UtOrBLW 
049 |a TXAM  |c [367884] 
090 |a HG5162  |b C4 
092 |a 332.673  |b C387c 
100 1 |a Ceceña Gámez, José Luis. 
245 1 3 |a El capitalismo monopolista y la economia mexicana. 
264 1 |a Mexico :  |b Cuadernos americanos,  |c 1963. 
300 |a 285 pages :  |b tables. ;  |c 21 cm. 
336 |a text  |b txt  |2 rdacontent 
337 |a unmediated  |b n  |2 rdamedia 
338 |a volume  |b nc  |2 rdacarrier 
502 |b licenciatura en economia  |c Universidad Nacional Autonoma de Mexico. 
650 0 |a Investments, American  |z Mexico. 
650 0 |a Corporations, American  |z Mexico. 
650 0 |a Big business  |z United States. 
999 |a MARS 
999 f f |s 59028015-9574-3bf1-849e-df803643668f  |i a1a6ae72-e08d-365e-abc7-9c95f34b8fa3  |t 0 
952 f f |p ric  |a Texas A&M University  |b Rellis Campus  |c Joint Library Facility  |d Remote Storage  |t 0  |e HG5162 C4  |h Library of Congress classification  |i unmediated -- volume  |m A14800737565 
998 f f |a HG5162 C4  |t 0  |l Remote Storage